=LDR 00000nam 2200000 4500 =001 INLIS000000000055439 =005 20200420075826 =035 ##$$a 0010-0420000118 =007 ta =008 200420###########################0#ind## =020 ##$$a 978-602-73871-8-8 =082 ##$$a 915.98 =084 ##$$a 915.98 Naz p =245 1#$$a Perjalanan cinta & makna perempuan /$c Nazura Gulfira =250 ##$$a Cet 1 =300 ##$$a 216 halaman : $b Ilustrasi ; $c 21 Cm. =650 #4$$a Indonesia - kisah perjalanan =700 #$$a Editor ; Fahmy Casofa =264 ##$$a Solo :$b Metagraf,$c 2016 =336 ##$$a Teks$2 rdacontent =337 ##$$a lain-lain$2 rdamedia =338 ##$$a lain-lain$2 rdacarrier =990 ##$$a 25822582 =990 ##$$a 25822582